000 00818nas a2200265 4500
001 BR0304048
003 BR-BrBNA
005 20231205104006.0
007 ta
008 230509b bl.|||p| |||| 00| 00por d
040 _aBR-BrBNA
_bpor
_cBiblioteca Nacional de Agricultura
041 _a(En)
072 _aF08
100 1 _aVincenzo, M.C.V. de
100 1 _aTessarioli Neto, J.
245 1 _aOnion seedling production in styrofoam trays under controlled environment, as summer-planted onions
650 _aCEBOLA
650 _aMUDA
650 _aPRODUÇÃO VEGETAL
650 _aCULTURA DE VERÃO
650 _aCULTIVO PROTEGIDO
773 0 _tScientia Agrícola (Brazil)
_xISSN 0103-9016
_g(Jan-Mar 2003), v. 60(1) p. 65-69
_wBR0304048
909 _a202311
_bLúcia
_c55
_dLúcia Elande
942 _2AGRIS
_n0
_cANA
999 _c175833
_d175833